000 01311nam a22002537a 4500
005 20230607152426.0
008 230607b ||||| |||| 00| 0 eng d
020 _a9780857256294
040 _c23
041 _aEnglish
082 _223
_a361.06
_bRIGU
100 _aSally Riggall
_9121739
245 _aUsing Counselling Skills in Social Work
260 _aLos Angeles
_bSage Publishers
_c2012
300 _axvi,176 p.
_bPB
_c24x17 cm.
520 _aThis practical book enables students to develop key counselling skills that can help to enhance their practice and help to place the service-user at the centre of the decision making process. Relationship building will be a key area of the text and relevant counselling skills for achieving this in social work settings such as empathic responding will be illustrated in detail together with examples of dialogue and analysis of interventions. The role and importance of self-awareness will be discussed together with various exercises to develop the readers' own knowledge of themselves.
650 _aCounseling
_9121692
650 _aSocial service
_9121693
650 _aPsychiatric social work
_9121694
700 _aRIGGALL (Sally)
_9121695
700 _aPARKER (Jonathan) Ed
_9121740
700 _aBRADLEY (Greta) Ed
_9121741
942 _2ddc
_cDB
999 _c227440
_d227440